000 00662nam a2200205Ia 4500
003 IN-BaIIA
008 211028s9999 xx 000 0 eng d
020 _a0-7129-0079-9
040 _cIIA Library
080 _a[8]:01:00
_bBAI
100 _aBaily, Francis
_9957
245 3 _aAn account of the Revd. John Flamsteed
_bthe first astronomer-royal , compiled from his own manuscripts and other authentic
_cFrancis Baily
260 _aLondon
_bDawsons of Pallmall
_c1966
300 _aIxxiii, 759p.
650 _abiography
_91224
650 _aBiography-John Flamsteed
_97224
650 _aJohn Flamsteed Biography
_97225
650 _aNASA Thesaurus
942 _cBK
999 _c4092
_d4092